01897nam a2200445 i 450000100060000000300080000600500170001400600190003100700150005000800410006502000280010602000180013403500220015204000310017404300120020505000220021708000110023908200190025010000390026924502160030826400810052430000410060533600310064633700330067733800430071049000420075350400620079558800830085759001620094065000300110265000370113265000330116965000370120265500270123970000470126670000400131379700180135385600630137199900170143484261FlNmELB20241217152101.0m o d | cr cnu||||||||200721s2014 ck ob 000 0 spa d a9789587655018q(e-book) z9789587651034 a(OCoLC)1183834755 aFINmELBbspaerdacFINmELB as-ck---00aHG2904b.M77 2014 a336.7100a332.1098612231 aMurillo Vargas, Guillermo,eautor.10aModelo para el análisis del cambio institucional y organizacional, MACIO :buna aplicación en el sector bancario colombiano /cGuillermo Murillo Vargas, Carlos Hernán González, Mónica García Solarte. 1aCali, Colombia :bUniversidad del Valle, Programa Editorial,cabril de 2014. a1 recurso en línea (157 páginas) atextobtxt2rdacontent/spa acomputadorabc2rdamedia/spa arecurso en líneabcr2rdacarrier/spa0 aColección Libros de investigación aIncluye referencias bibliográficas (páginas 145-157). aDescripción basada en metadatos suministrados por el editor y otras fuentes. aRecurso electrónico. Santa Fe, Arg.: elibro, 2020. Disponible vía World Wide Web. El acceso puede estar limitado para las bibliotecas afiliadas a elibro. 4aBancos y bancazColombia. 4aCambio organizacionalzColombia. 0aBanks and bankingzColombia. 0aOrganizational changezColombia. 4aLibros electrónicos.1 aGonzález-Campo, Carlos Hernán,eautor.1 aGarcía Solarte, Mónica,eautor.2 aelibro, Corp.40uhttps://elibro.net/ereader/politecnicointernacional/128992 c84261d84261